| 000 | 00885cam a22002532 4500 | ||
|---|---|---|---|
| 001 | 0000008536 | ||
| 005 | 20151021151114.0 | ||
| 008 | 080421s xx 000 0 eng d | ||
| 020 |
_a0070472645 : _cKES 800 |
||
| 040 |
_aKABU _cKABU |
||
| 100 | 1 |
_aNewstrom, John W. _@0000135831 |
|
| 245 | 1 | 0 |
_aOrganizational behavior : _bhuman behavior at work / _cJohn W. Newstrom, Keith Davis. |
| 250 | _a11th ed. | ||
| 260 |
_aNew Delhi : _bTata McGraw-Hill, _c2002. |
||
| 300 | _axxiv, 534 p. | ||
| 650 | 0 |
_aOrganizational behavior. _@0000150790 |
|
| 650 | 0 |
_aIndustrial sociology. _@0000151246 |
|
| 700 | 1 |
_aDavis, Keith. _@0000151787 |
|
| 908 | _a080421 | ||
| 950 | _@1 | ||
| 999 |
_c747 _d747 |
||